Handbook of organizational routines (Record no. 200724)

MARC details
000 -LEADER
fixed length control field 00639nam a2200205Ia 4500
008 - FIXED-LENGTH DATA ELEMENTS--GENERAL INFORMATION
fixed length control field 191130s2008##################000#0#eng##
020 ## - INTERNATIONAL STANDARD BOOK NUMBER
ISBN 1843769581
082 ## - DEWEY DECIMAL CLASSIFICATION NUMBER
Classification number 302.35 BEC
245 ## - TITLE STATEMENT
Title Handbook of organizational routines
Statement of responsibility, etc edited by Markus C. Becker
260 ## - PUBLICATION, DISTRIBUTION, ETC. (IMPRINT)
Place of publication Cheltenham, UK ; Northampton, MA
Name of publisher Edward Elgar
Year of publication c2008
300 ## - PHYSICAL DESCRIPTION
Number of Pages vii, 343 p. : ill. ; 25 cm
500 ## - GENERAL NOTE
General note Includes bibliographical references and index
650 ## - SUBJECT ADDED ENTRY--TOPICAL TERM
Topical Term Organizational behavior
700 ## - ADDED ENTRY--PERSONAL NAME
Personal name Becker, Markus C
991 ## -
-- 233100
Holdings
Withdrawn status Lost status Damaged status Not for loan Home library Current library Shelving location Date acquired Full call number Accession Number Price effective from Koha item type
        Anna Centenary Library Anna Centenary Library 3RD FLOOR, B WING 13.10.2020 302.35 BEC 343680 13.10.2020 English Books

Find us on the map